1001 Days that shaped the world (Record no. 7001)

MARC details
000 -LEADER
fixed length control field 00427nam a2200169Ia 4500
003 - CONTROL NUMBER IDENTIFIER
control field GBCCL
005 - DATE AND TIME OF LATEST TRANSACTION
control field 20241126110617.0
008 - FIXED-LENGTH DATA ELEMENTS--GENERAL INFORMATION
fixed length control field 180705b ||||| |||| 00| 0 eng d
040 ## - CATALOGING SOURCE
Transcribing agency GBC
082 ## - DEWEY DECIMAL CLASSIFICATION NUMBER
Classification number 030
Item number DAY
245 ## - TITLE STATEMENT
Title 1001 Days that shaped the world
260 ## - PUBLICATION, DISTRIBUTION, ETC.
Name of publisher, distributor, etc. HACHETTE
260 ## - PUBLICATION, DISTRIBUTION, ETC.
Date of publication, distribution, etc. 2015.
Place of publication, distribution, etc. London:
Name of publisher, distributor, etc. Hachette,
300 ## - PHYSICAL DESCRIPTION
Extent 960
650 ## - SUBJECT ADDED ENTRY--TOPICAL TERM
Topical term or geographic name entry element History - Miscellanea
Form subdivision Chronology
-- Historical
9 (RLIN) 12446
942 ## - ADDED ENTRY ELEMENTS (KOHA)
Source of classification or shelving scheme Dewey Decimal Classification
Koha item type Reference Books
Holdings
Withdrawn status Lost status Source of classification or shelving scheme Damaged status Not for loan Home library Current Library Shelving location Date acquired Total checkouts Full call number Barcode Date last seen Copy number Price effective from Koha item type
    Dewey Decimal Classification     GRACE BIBLE COLLEGE GRACE BIBLE COLLEGE Encyclopedia 2018-07-05   030 DAY 013169 2025-05-01 c.1 2018-07-05 Reference Books
© Grace Bible College Library 2025